Statistics for Jacki Weaver Filmography

Click here to take the quiz!

General Stats

  • This quiz has been taken 4 times
    (2 since last reset)
  • The average score is 16 of 166

Answer Stats

TypeYearName% Correct
Film2010Animal Kingdom
100%
FilmTBAMemoir of a Snail
100%
Film2012Silver Linings Playbook
100%
Film2021Back to the Outback
50%
Film2018Bird Box
50%
Film1976Caddie
50%
Film1996Cosi
50%
Film2015Equals
50%
Film2022Father Stu
50%
TV Show2014Gracepoint
50%
TV Film1963Hansel and Gretel
50%
Film2013Haunt
50%
Web Series2023Hello Tomorrow!
50%
Film2014Magic in the Moonlight
50%
Film2020Never Too Late
50%
Film2018Out of Blue
50%
Film2020Penguin Bloom
50%
Film2019Poms
50%
Film2014Reclaim
50%
Film2017Small Crimes
50%
Film1971Stork
50%
Film2017The Disaster Artist
50%
Film2012The Five-Year Engagement
50%
Film2020The Grudge
50%
Film2017The Polka King
50%
Film2014The Voices
50%
Film2018Widows
50%
TV Show2021-2022Yellowstone
50%
Film2019Zeroville
50%
Film1983Abra Cadabra
0%
Theater1987A Day in the Death of Joe Egg
0%
Theater1971After Magritte
0%
Theater1997-1998After the Ball
0%
Theater2006A Hard God
0%
Film1973Alvin Purple
0%
TV Show1976Alvin Purple
0%
Film2022American Murderer
0%
Theater1976A Streetcar Named Desire
0%
Radio Serial1967A Taste for the Blue Ribbon
0%
Documentary Series2003, 2017Australian Story
0%
Theater1993Away
0%
Theater1962A Wish Is a Dream
0%
TV Show1965-1969Bandstand
0%
Theater1976, 1978Bedroom Farce
0%
Theater1986-1987Blithe Spirit
0%
Web Series2019-2020Bloom
0%
TV Show2015-2016Blunt Talk
0%
Theater1983-1984Born Yesterday
0%
Theater1971Caste
0%
TV Show1972Catwalk
0%
Theater1962Cinderella
0%
TV Mini-Series2024Clipped
0%
TV Show1979Cop Shop
0%
Theater1971Customs and Excise
0%
Theater1990Daylight Saving
0%
TV Show1969, 1973Division 4
0%
TV Film1976Do I Have to Kill My Child?
0%
Short Film2009Early Checkout
0%
Film2019Elsewhere
0%
Theater1987Emerald City
0%
Theater2010Entertaining Mr Sloane
0%
Theater1972Forget-Me-Not-Lane
0%
Theater1999Fred
0%
Theater2000-2001Girl Talk
0%
Film2016Goldstone
0%
TV Film2007Hammer Bay
0%
Theater1986Having a Ball
0%
Theater1967Hay Fever
0%
TV Show1967-1976Homicide
0%
TV Show1988House Rules
0%
Film2018Irreplaceable You
0%
Theater1966Lady Precious Stream
0%
Theater2003-2004Last Cab to Darwin
0%
Film2015Last Cab to Darwin
0%
Theater2003-2004Last of the Red Hot Lovers
0%
Theater1972Legend of King O'Malley
0%
Film2018Life of the Party
0%
Theater1966Little Red Riding Hood
0%
Short Film2011Lois
0%
Theater1974Love Labour's Lost
0%
Theater1990Love Letters
0%
TV Show1971, 1975, 1976Matlock Police
0%
Film2014Maya the Bee Movie
0%
Theater1964Mother Goose and the Three Stooges
0%
Theater1997Navigating
0%
Theater2000Old Masters
0%
Theater1963Once Upon a Surfie
0%
Film2013Parkland
0%
TV Show2019Perpetua Grace, LTD
0%
Theater1966Peter Pan
0%
Film1974Petersen
0%
Film1975Picnic at Hanging Rock
0%
TV Film1976Polly Me Love
0%
Theater1995Reunion
0%
TV Show1969Riptide
0%
Theater1976Roberta
0%
Theater1978Rockola
0%
Theater1990Rumours
0%
TV Show1976Rush
0%
TV Show2009Satisfaction
0%
TV Show2016-2019Secret City
0%
Theater1969See the Pretty Lights
0%
Theater1991Shadowlands
0%
TV Show1974Silent Number
0%
Theater1999Silhouette
0%
TV Film2016Sister Cities
0%
Film2014Six Dance Lessons in Six Weeks
0%
Theater1992, 2003Six Degrees of Separation
0%
Theater2013Solomon and Marion
0%
Theater2001-2002Soulmates
0%
TV Film1964Split Level
0%
TV Show1971Spyforce
0%
TV Show2018Squinters
0%
Film1982Squizzy Taylor
0%
Film2020Stage Mother
0%
Film2013Stoker
0%
Film2010Summer Coda
0%
TV Show2013Super Fun Night
0%
Documentary Mini-Series2014TCM Spotlight: Australian Cinema
0%
Theater1966Ten Bob in Kitty
0%
Theater1965The Applicant
0%
Theater1970The Bandwagon
0%
Theater2002, 2004-2006The Blonde, the Brunette and the Vengeful Redhead
0%
TV Mini-Series1986-1987The Challenge
0%
TV Show2010The Circle
0%
TV Show1971, 1973The Comedy Game
0%
TV Show1977The Dick Emery Show in Australia
0%
TV Show1981The Don Lane Show
0%
Theater2000The Falls
0%
TV Show1971The Godfathers
0%
Theater1968The Imaginary Invalid
0%
Theater1969The Knack
0%
TV Show1975, 1976The Last of the Australians
0%
TV Show2014The McCarthys
0%
Film1987The Perfectionist
0%
Theater1985The Real Thing
0%
Theater1971The Removalists
0%
Film1975The Removalists
0%
Theater1971The Roy Murphy Show
0%
Theater1967The Runaway Steamboat
0%
TV Film1967The Schoolmistress
0%
Theater1966The Schoolmistress
0%
Theater1974The Seagull
0%
TV Show1975The Seven Ages of Man
0%
Theater1994The Sisters Rosensweig
0%
Theater1977, 2002The Three Sisters
0%
Short Film1997The Two-Wheeled Time Machine
0%
Theater2000The Wharf Review
0%
FilmTBAThe Wonder Yard
0%
Film1966They're a Weird Mob
0%
Theater1980-1981They're Playing Our Song
0%
Film2008Three Blind Mice
0%
Theater2002Through the Wire
0%
TV Show1981Tickled Pink
0%
Theater1973Tom
0%
TV Show1980-1982Trial by Marriage
0%
Theater2010-2012Uncle Vanya
0%
TV Show1976Up the Convicts
0%
TV Show1966Wandjina!
0%
TV Mini-Series1980Water Under the Bridge
0%
Documentary Series2014Who Do You Think You Are?
0%
Film2022Wildflower
0%
TV Show1970Woobinda, Animal Doctor
0%
TV Show1970-1974Would You Believe?
0%
Theater1968You Can Never Tell
0%
Music Video1986You're the Voice
0%

Score Distribution

Percentile by Number Answered

Percent of People with Each Score

Your Score History

You have not taken this quiz since the last reset